Reprografia /

Salvato in:
Dettagli Bibliografici
Autore principale: Hájek, Milan, 1935- (xxx)
Natura: Libro
Lingua:slovacco
Pubblicazione: Bratislava : Alfa, 1976
Edizione:2.vyd.
Soggetti:
Tags: Aggiungi Tag
Nessun Tag, puoi essere il primo ad aggiungerne!!

MARC

LEADER 00000nam a22000003a 4500
001 stu41326
005 20150617225718.9
008 931119s1976----cs------------------slo-d
040 |a STU  |b slo 
041 0 |a slo 
044 |a cs 
080 |a 681.6 
100 1 |a Hájek, Milan,  |d 1935-  |4 xxx  |X 4369  |7 A000004369 
245 1 |a Reprografia /  |c Milan Hájek a kol 
250 |a 2.vyd. 
260 |a Bratislava :  |b Alfa,  |c 1976 
300 |a 332 s 
650 7 |a Reprografia  |2 stusub 
996 |b 284M034836  |c M*2408-1  |l MMKN  |s A  |a 24  |w stu41326_0001